000 00557nam a2200217 4500
001 45695
010 _a9726107199
090 _a45695
100 _a20080114d2007 bc y0pory5003 ba
101 0 _apor
102 _aPT
200 1 _aA lenda do galo de Barcelos
_fMaria José Meireles
_gil. Joana Quental
205 _a1.ª ed.
210 _aPorto
_cCampo das Letras
_d2007
215 _a[25] f.
_cil
225 2 _aO sol e a lua
675 _a087.5
_vBN
_zpor
700 1 _aMeireles
_bMaria José
702 1 _aQuental
_bJoana
_4440
801 0 _aPT
_bESEC
_gRPC
990 _cLIVROS